Рекламный менеджмент: учебное пособие для вузов

Bibliographic Details
Main Author: Поляков В. А. Владимир Александрович
Other Authors: Романов А. А. Андрей Александрович
Summary:Рассмотрены основные понятия, цели и залами, функции рекламного менеджмента, лап анализ рекламного процесса и его структуры, разработаны основные положения планирования рекламной кампании, определены рекламные стратегии, рассмотрены подходы в обосновании рекламного бюджета, методы контроля рекламного процесса и оценка эффективности рекламной кампании. Книга рекомендуется студентам экономических специальностей вузов, (бакалавр), изучающим «Рекламный менеджмент» или «Рекламную деятельность», а также преподавателям, специалистам, занимающимся вопросами теории и практики рекламы.
Language:Russian
Published: Москва, Инфра-М, 2014
Subjects:
Format: Book
KOHA link:https://koha.lib.tpu.ru/cgi-bin/koha/opac-detail.pl?biblionumber=243345

MARC

LEADER 00000nam0a2200000 4500
001 243345
005 20231101231949.0
010 |a 9785905554070 
010 |a 978-516-005447-6 
035 |a (RuTPU)RU\TPU\book\264687 
090 |a 243345 
100 |a 20130925d2014 m y0rusy50 ca 
101 0 |a rus 
102 |a RU 
105 |a a j 001zy 
200 1 |a Рекламный менеджмент  |e учебное пособие для вузов  |f В. А. Поляков, А. А. Романов 
210 |a Москва  |c Инфра-М  |c Курс  |d 2014 
215 |a 352 с.  |c ил. 
320 |a Библиогр.: с. 346-348. 
330 |a Рассмотрены основные понятия, цели и залами, функции рекламного менеджмента, лап анализ рекламного процесса и его структуры, разработаны основные положения планирования рекламной кампании, определены рекламные стратегии, рассмотрены подходы в обосновании рекламного бюджета, методы контроля рекламного процесса и оценка эффективности рекламной кампании. Книга рекомендуется студентам экономических специальностей вузов, (бакалавр), изучающим «Рекламный менеджмент» или «Рекламную деятельность», а также преподавателям, специалистам, занимающимся вопросами теории и практики рекламы. 
606 1 |a Реклама  |2 stltpush  |3 (RuTPU)RU\TPU\subj\24860  |9 49135 
610 1 |a рекламный менеджмент 
610 1 |a виды 
610 1 |a средства 
610 1 |a рекламные коммуникации 
610 1 |a рекламная деятельность 
610 1 |a управление 
610 1 |a планирование 
610 1 |a рекламные технологии 
610 1 |a рекламное творчество 
610 1 |a рекламные бюджеты 
610 1 |a расчеты 
610 1 |a контроль 
610 1 |a оценка 
610 1 |a эффективность 
610 1 |a учебные пособия 
675 |a 659(075.8)  |v 3 
700 1 |a Поляков  |b В. А.  |g Владимир Александрович 
701 1 |a Романов  |b А. А.  |g Андрей Александрович 
801 1 |a RU  |b 63413507  |c 20130925 
801 2 |a RU  |b 63413507  |c 20150707  |g RCR 
942 |c BK 
959 |a 127/20130924  |d 5  |e 349,90  |f ЧЗТЛ:1  |f АНЛ:1